000 01836nam a2200445 c 4500
999 _c179755
_d179755
003 BLK
005 20220225165114.0
008 180411b bul|||||r ||||||| ||bul||
010 _aKNG00188560000
040 _aBLK
041 _aBUL
_cBUL
072 7 _2bullib
_aН85
_xДетска художествена литература Н
072 7 _2bullib
_aК
_xКраезнание
080 _aБългарска литература
_b821.163.2
_x-053.5-8
_z821.163.2-053.5-8
080 _aИзобразителни изкуства и художествени занаяти
_b73/76
_x-053.5
_z73/76-053.5
080 _aМузикални училища
_b377.5:78
_x(497.215)
_z377.5:78(497.215)
110 1 _aНационално у-ще по изкуствата Проф. Веселин Стоянов. Русе
_9341884
139 _aПоетични опити и рисунки
_bП 65
245 1 0 _aПоетични опити и рисунки
257 _aBGR
260 _bПримакс Русе
_bСредно у-ще по изкуствата Проф. В. Стоянов
_c1999
300 _a32 с.
_bс ил.
_c21 см
380 _aX
500 _aИзд. на Средно у-ще по изкуствата Проф. Веселин Стоянов - Русе.
650 4 _aУчилища, музикални - Русе
_9341885
651 4 _aРусе
_9179462
651 4 _aБългария
_9241624
653 _aстихотворения
653 _aесета
653 _aразкази
653 _aрисунки
653 _aдетско творчество
659 _aК
659 _aН
852 _aЦб 281091
852 _aК 821.163.2/П 65
856 4 _qpdf
856 4 _qpdf
942 _cKNG
_n0
_s1
944 _aCR
_c20.06.2016
_lф /
_kВиолета_Тройчева
944 _aED
_c20.04.2017
_lф /
_kЛюдмила_Стоянова
999 _d179755